Statistics for Countries Closest to Rome

Click here to take the quiz!

General Stats

  • This quiz has been taken 155 times
  • The average score is 20 of 21

Answer Stats

Distance (km)Distance (mi)Country% Correct
245152France
99%
225138San Marino
99%
00Vatican City
99%
406252Slovenia
98%
518322Switzerland
98%
622387Greece
97%
00Italy
97%
569354Albania
96%
522324Austria
96%
277172Croatia
96%
620385Germany
96%
662411Malta
96%
398247Bosnia and Herzegovina
94%
620385Liechtenstein
94%
462287Monaco
93%
579360Serbia
91%
595370Hungary
90%
495308Montenegro
90%
627389Kosovo
85%
542337Tunisia
85%
642399Algeria
82%

Score Distribution

Percentile by Number Answered

Percent of People with Each Score

Your Score History

You have not taken this quiz